Central Library OPAC University of Rajshahi
Normal view MARC view

Entry Uniform Title

Number of records used in: 3

001 - CONTROL NUMBER

  • control field: 486

003 - CONTROL NUMBER IDENTIFIER

  • control field: BD-RjUL

005 - DATE AND TIME OF LATEST TRANSACTION

  • control field: 20220104102335.0

008 - FIXED-LENGTH DATA ELEMENTS

  • fixed length control field: 220104|| aca||aabn | a|a d

040 ## - CATALOGING SOURCE

  • Original cataloging agency: BD-RjUL
  • Transcribing agency: BD-RjUL

130 ## - HEADING--UNIFORM TITLE

  • Uniform title: A World Bank research publication

670 ## - SOURCE DATA FOUND

  • Source citation: Work cat.: (BD-RjUL)58775: Anand, Sudhir, 1946- 174734, Inequality and poverty in Malaysia :, c1983.